[Event "Regionalliga Sued-West 1718"]
[Site "Bayern"]
[Date "2018.02.25"]
[Round "7.8"]
[White "Haubrich, Michael"]
[Black "Klug, Tobias"]
[Result "1-0"]
[WhiteElo "1930"]
[BlackElo "1764"]
[PlyCount "73"]
[EventDate "2017.10.22"]
[EventType "team-tourn"]
[EventRounds "9"]
[EventCountry "GER"]
[SourceTitle "EXT 2022"]
[Source "ChessBase"]
[SourceDate "2021.10.06"]
[SourceVersion "1"]
[SourceVersionDate "2021.10.06"]
[SourceQuality "1"]
[WhiteTeam "Mering"]
[BlackTeam "Marktoberdorf"]
[WhiteTeamCountry "GER"]
[BlackTeamCountry "GER"]

1. d4 Nf6 2. Nf3 d5 3. Bf4 e6 4. e3 Be7 5. Ne5 Nbd7 6. Bd3 c5 7. c3 0-0 8. Nd2 Qb6 9. Rb1 cxd4 10. exd4 Nxe5 11. dxe5 Nd7 12. 0-0 Nc5 13. Bc2 f5 14. exf6 Bxf6 15. Nf3 Ne4 16. Qe1 Be7 17. Be5 Nc5 18. Qe2 Nd7 19. Qd3 g6 20. Bd4 Qc7 21. Rbe1 Nf6 22. Ne5 Bd6 23. f4 a5 24. Re3 b6 25. Rff3 Qe7 26. Rh3 Ne4 27. Qf1 Ba6 28. Qf3 Ng5 29. Qg4 Nxh3+ 30. Rxh3 Bxe5 31. Bxe5 Qc5+ 32. Bd4 Qc4 33. Qxe6+ Rf7 34. Bd3 Bc8 35. Qxg6+ Kf8 36. Qd6+ Ke8 37. Re3+ 1-0